Biodiversity and ecosystem functioning : (Record no. 3602)
[ view plain ]
| 000 -LEADER | |
|---|---|
| fixed length control field | 00793nam a22002412 4500 |
| 001 - CONTROL NUMBER | |
| control field | 0000012763 |
| 005 - DATE AND TIME OF LATEST TRANSACTION | |
| control field | 20151217145857.0 |
| 008 - FIXED-LENGTH DATA ELEMENTS--GENERAL INFORMATION | |
| fixed length control field | 090319s xx 000 0 eng d |
| 020 ## - INTERNATIONAL STANDARD BOOK NUMBER | |
| International Standard Book Number | 0198515715 : |
| 040 ## - CATALOGING SOURCE | |
| Original cataloging agency | KABU |
| Transcribing agency | KABU |
| 245 10 - TITLE STATEMENT | |
| Title | Biodiversity and ecosystem functioning : |
| Remainder of title | synthesis and perspectives / |
| Statement of responsibility, etc. | edited by Michel Loreau, Shahid Naeem, Pablo Inchausti. |
| 250 ## - EDITION STATEMENT | |
| Edition statement | 1st ed. |
| 260 ## - PUBLICATION, DISTRIBUTION, ETC. (IMPRINT) | |
| Place of publication, distribution, etc. | Oxford : |
| Name of publisher, distributor, etc. | O. U. P., |
| Date of publication, distribution, etc. | 2002. |
| 300 ## - PHYSICAL DESCRIPTION | |
| Extent | xii, 294 p. |
| 650 #0 - SUBJECT ADDED ENTRY--TOPICAL TERM | |
| Topical term or geographic name as entry element | Biodiversity. |
| -- | 0000169667 |
| 650 #0 - SUBJECT ADDED ENTRY--TOPICAL TERM | |
| Topical term or geographic name as entry element | Ecosystem health. |
| -- | 0000169668 |
| 700 1# - ADDED ENTRY--PERSONAL NAME | |
| Personal name | Loreau, Michel. |
| -- | 0000169669 |
| 700 1# - ADDED ENTRY--PERSONAL NAME | |
| Personal name | Naeem, Shahid. |
| -- | 0000169670 |
| 700 1# - ADDED ENTRY--PERSONAL NAME | |
| Personal name | Inchausti, Pablo. |
| -- | 0000169671 |
| 852 1# - LOCATION | |
| -- | p3562.50 KES |
| 908 ## - PUT COMMAND PARAMETER (RLIN) | |
| Put command parameter | 090319 |
| 950 ## - LOCAL HOLDINGS (RLIN) | |
| -- | 1 |
| Withdrawn status | Lost status | Source of classification or shelving scheme | Not for loan | Home library | Current library | Date acquired | Total Checkouts | Full call number | Barcode | Date last seen | Price effective from | Koha item type |
|---|---|---|---|---|---|---|---|---|---|---|---|---|
| Library of Congress Classification | Kabarak, Main Campus | Kabarak, Main Campus | 17/12/2015 | QH541.15 .B56 2002 c. 1 | 17245 | 17/12/2015 | 17/12/2015 | General Collection |